| 000 | 00661nam 22002053 4500 | ||
|---|---|---|---|
| 001 | 200067 | ||
| 010 | _a972-8396-77-5 | ||
| 021 |
_aPT _b121705/98 |
||
| 090 | _a200067 | ||
| 100 | _a20260120d u||y0pory50 ba | ||
| 200 |
_aUma breve história tectónica da Terra = A brief tectonic history of the Earth _f António Ribeiro |
||
| 210 |
_aLisboa _cExpo '98 _d1998 |
||
| 215 |
_a52, [2] p. _cil. ; brochado _d28 cm |
||
| 300 | _apublicação bilingue : português e inglês | ||
| 606 |
_915715 _aCiências da terra. Ciências geológicas |
||
| 675 |
_a55 _vPT _zpor |
||
| 700 |
_915768 _aRibeiro _bAntónio |
||
| 801 |
_aPT _bBMMN _gRPC |
||
| 830 | _cVanda | ||
| 990 | _cLIVROS | ||